Recyklácia v hlavnom meste zatiaľ ustupuje spaľovaniu
Bratislava očakáva, že jej dcéra OLO časom uvoľní prostriedky na podporu triedenia odpadu. Rekonštrukciu bratislavskej spaľovne počas plnej prevádzky realizoval Siemens. Tržby a obrat firmy OLO v r. 2002. Splátky úverov hradilo OLO zo ziskov. Recyklovanie v Bratislave stále ustupuje spaľovaniu. Spol...
Uložené v:
| Hlavný autor: | |
|---|---|
| Médium: | Kapitola |
| Jazyk: | Slovak |
| Predmet: | |
| Tagy: |
Žiadne tagy, Buďte prvý, kto otaguje tento záznam!
|
MARC
| LEADER | 00000naa a2200000 4500 | ||
|---|---|---|---|
| 001 | r047813 | ||
| 005 | 20230921114706.2 | ||
| 041 | 0 | |a slo | |
| 044 | |a SK | ||
| 245 | 1 | 0 | |a Recyklácia v hlavnom meste zatiaľ ustupuje spaľovaniu |c Katarína Začková |
| 520 | |a Bratislava očakáva, že jej dcéra OLO časom uvoľní prostriedky na podporu triedenia odpadu. Rekonštrukciu bratislavskej spaľovne počas plnej prevádzky realizoval Siemens. Tržby a obrat firmy OLO v r. 2002. Splátky úverov hradilo OLO zo ziskov. Recyklovanie v Bratislave stále ustupuje spaľovaniu. Spolupráca mesta a firmy OLO. | ||
| 610 | 2 | 0 | |a hospodárstvo odpadové |
| 610 | 2 | 0 | |a odpad |
| 610 | 2 | 0 | |a spracovanie odpadu |
| 610 | 2 | 0 | |a recyklácia odpadu |
| 610 | 2 | 0 | |a tržby |
| 610 | 2 | 0 | |a obrat peňažný |
| 610 | 2 | 0 | |a zisk |
| 610 | 2 | 0 | |a OLO |
| 610 | 2 | 0 | |a Bratislava |
| 100 | 1 | |a Začková, Katarína | |